000 00391nam a2200145Ia 4500
008 231129s1976||||xx |||||||||||||| ||spa||
020 _a84-226-0721-2
040 _bspa
082 _a813 G549p
100 _aGlasser Ronald J.
245 0 _aPabellon 402
260 _c1976
264 _aBarcelona España : Cí­rculo de Lectores
942 _2ddc
_cBKS
999 _c22272
_d22272